Score 0/25 Timer 05:00
1 Play Today
Creature/Place/Person % Correct
Mermaid
94.5%
Loch Ness Monster
91%
Pegasus
87.5%
Medusa
87.3%
Bigfoot
86.9%
Cyclops
85.6%
Werewolf
85.2%
Robin Hood
85.1%
Atlantis
84.5%
King Arthur & the Knights of the Round Table
82%
Phoenix
81.5%
Fairy
78.3%
Hippogriff/Gryphon
76.9%
Creature/Place/Person % Correct
Holy Grail
74.4%
Centaur
73.4%
Leprechaun
70.1%
Minotaur
67.9%
Troll
61.5%
El Dorado
59.1%
Imp
58.9%
Lernaean Hydra
53.2%
Jackalope
47%
Fountain of Youth
31.7%
Faun
25.6%
Valkyrie
14.2%
Remove Ads.
Support Sporcle.
Get the best of Sporcle when you Go Orange. This ad-free experience offers more features, more stats, and more fun while also helping to support Sporcle. Thank you for becoming a member.

You're not logged in!

Compare scores with friends on all Sporcle quizzes.
OR
Log In

Show Comments

Extras

Top Quizzes Today


Score Distribution

Your Account Isn't Verified!

In order to create a playlist on Sporcle, you need to verify the email address you used during registration. Go to your Sporcle Settings to finish the process.

Report this User

Report this user for behavior that violates our Community Guidelines.

Details: